000 00573cam a22002411 4500
001 sa 68000496
003 DLC
005 20260227112424.0
008 890801s1966 ii 000 0 hino
010 _asa 68000496
035 _a(OCoLC)20108009
040 _aDLC
_cWaU
_dDLC
042 _apremarc
043 _aa-ii---
050 0 0 _aPK2903
_b.D29
100 1 _aDas, Govinda.
245 1 0 _aJīvana-krānti kī diśā.
260 _c1966
300 _a14, 132 p.
_c18 cm.
500 _aIn Hindi.
650 0 _aIndic literature.
651 0 _aIndia
_xCivilization.
999 _c77249
_d77249